| 000 | 00968nas a2200277 4500 | ||
|---|---|---|---|
| 001 | BR9904153 | ||
| 003 | BR-BrBNA | ||
| 005 | 20231205101537.0 | ||
| 007 | ta | ||
| 008 | 230509b bl.|||p| |||| 00| 00por d | ||
| 040 |
_aBR-BrBNA _bpor _cBiblioteca Nacional de Agricultura |
||
| 041 | _a(Pt) | ||
| 072 | _aF30; H10 | ||
| 100 | 1 | _aFerreira Junior, E. | |
| 100 | 1 | _aCastro, E. da M. de | |
| 100 | 1 | _aFerreira, E. | |
| 100 | 1 | _aMorais, O.P. de | |
| 245 | 1 | _aPotencial genetico da populacao de arroz de sequeiro "CNA 8" para um programa de selecao visando a resistencia a broca-do-colo, Elasmopalpus lignosellus (Zeller, 1848)(Lepidoptera, Pyralidae) | |
| 650 | _aArroz Sequeiro | ||
| 650 | _aSelecao Genetica | ||
| 650 | _aBroca do Colo | ||
| 650 | _aVariedade Resistente | ||
| 773 | 0 |
_tCiencia e Agrotecnologia (Brazil) _xISSN 1413-7054 _g(Jul-Sep 1998), v. 22(3) p. 318-322 _wBR9904153 |
|
| 909 |
_a202311 _bLúcia _c55 _dLúcia Elande |
||
| 942 |
_2AGRIS _n0 _cANA |
||
| 999 |
_c162432 _d162432 |
||